Представление документа в формате MARC21

Поле Инд. ПП Название Значение
Тип записи a
Библиографический уровень m
001 Контрольный номер 5efc7581-46e6-49dc-aeae-19e09cc692df
005 Дата корректировки 20140703140820.8
008 Кодируемые данные 051108
020 a ISBN 5-238-00352-8
c Цена, тираж 79.20
040 a Служба первич. каталог. НБ ТвГУ
041 a Код языка текста rus
080 a Индекс УДК 355.58(075.8)
084 a Индекс другой классификации/Индекс ББК Ц69я73-1
090 x Авторский знак Б40
a Полочн. индекс Ц69
245 10 a Заглавие Безопасность жизнедеятельности
b Продолж. заглавия учеб. пособие для студентов вузов
c Ответственность под ред. Л. А. Муравья
250 a Основные сведения об издании 2-е изд., перераб. и доп.
260 0_ a Место издания Москва
b Издательство ЮНИТИ
c Дата издания 2004
300 a Объем 431 с.
b Иллюстрации/ тип воспроизводства ил., табл.
500 a Примечание Авт. указаны на 4-й с.
504 a Библиография Библиогр. в конце разд.
583 a Действие Получение впервые 319 01.11.2005
k Исполнитель действия ООО "Издательство ЮНИТИ-ДАНА"
650 a Основная рубрика Безопасность жизнедеятельности
x Основная подрубрика Учебники для вузов
650 a Основная рубрика Экологическая безопасность
650 a Основная рубрика Производственная безопасность
650 a Основная рубрика Чрезвычайные ситуации
653 a Ключевые слова Безопасность жизнедеятельности
a Ключевые слова Защита биосферы
a Ключевые слова Экологическая безопасность
a Ключевые слова Производственная безопасность
a Ключевые слова Чрезвычайные ситуации
a Ключевые слова Безопасность в быту
a Ключевые слова Охрана труда
700 1_ a Другие авторы Муравей Леонид Андреевич
e Роль лиц авт.
700 1_ a Другие авторы Кривошеин Д. А.
e Роль лиц авт.
700 1_ a Другие авторы Черемисина Е. Н.
e Роль лиц авт.
700 1_ a Другие авторы Шорина О. С.
e Роль лиц авт.
700 1_ a Другие авторы Эриашвили Нодари Дарчоевич
e Роль лиц авт.
852 t Порядковый номер экземпляра 3
p Инвентарный номер 822514
p Инвентарный номер 822515
p Инвентарный номер 822516
863 t 00108506
863 t 00108507
863 t 00108508
888 a За счет средств университета
930 a Новая/Ретро учебники
952 p 319.2005 79.20 1 822514
p 319.2005 79.20 1 822515
p 319.2005 79.20 1 822516
c Вид литературы К ру
954 a Дата поступления на обработку 20051121
999 a Подразделение 2 Фил3